<?xml version="1.0" encoding="UTF-8"?>
<collection xmlns="http://www.loc.gov/MARC21/slim">
 <record>
  <leader>05373nam a2200349 a 4500</leader>
  <controlfield tag="001">kal4183</controlfield>
  <controlfield tag="003">Gr-AtHEAL</controlfield>
  <controlfield tag="005">20160505121042.0</controlfield>
  <controlfield tag="006">m        d        </controlfield>
  <controlfield tag="008">160413s2015    gr      s           gre|c</controlfield>
  <datafield tag="020" ind1=" " ind2=" ">
   <subfield code="a">9789606030482</subfield>
  </datafield>
  <datafield tag="040" ind1=" " ind2=" ">
   <subfield code="a">GR-AtHEAL</subfield>
   <subfield code="b">gre</subfield>
   <subfield code="c">GR-AtHEAL</subfield>
  </datafield>
  <datafield tag="082" ind1="0" ind2="4">
   <subfield code="a">532</subfield>
   <subfield code="2">23</subfield>
  </datafield>
  <datafield tag="100" ind1="1" ind2=" ">
   <subfield code="a">Σιδερίδης, Γεώργιος.</subfield>
   <subfield code="8">2278</subfield>
  </datafield>
  <datafield tag="245" ind1="1" ind2="0">
   <subfield code="a">Εργαστηριακές ασκήσεις ρευστομηχανικής</subfield>
   <subfield code="h">[Ηλεκτρονικός πόρος] </subfield>
   <subfield code="c">Σιδερίδης, Γεώργιος ; Κριτικός αναγνώστης,Τσαγγάρης, Σωκράτης ; Γραφιστική επιμέλεια,Κούλη, Χριστίνα ; Τεχνική επιμέλεια,Λουκέρη, Σοφία ; Γλωσσική επιμέλεια,Καλλιάρας, Δημήτρης.</subfield>
  </datafield>
  <datafield tag="260" ind1=" " ind2=" ">
   <subfield code="a">Αθήνα :</subfield>
   <subfield code="b">Σύνδεσμος Ελληνικών Ακαδημαϊκών Βιβλιοθηκών,</subfield>
   <subfield code="c">c2015.</subfield>
  </datafield>
  <datafield tag="490" ind1=" " ind2=" ">
   <subfield code="a">Ακαδημαϊκά Ηλεκτρονικά Συγγράμματα και Βοηθήματα Κάλλιπος</subfield>
   <subfield code="8">40</subfield>
  </datafield>
  <datafield tag="520" ind1=" " ind2=" ">
   <subfield code="a">Το προτεινόμενο σύγγραμμα απευθύνεται κυρίως σε προπτυχιακούς σπουδαστές των Τεχνολογικών Εκπαιδευτικών Ιδρυμάτων που παρακολουθούν εργαστηριακά μαθήματα Μηχανικής Ρευστών. Από το γεγονός όμως ότι αναφέρεται στη χρήση μετρητικών οργάνων και εφαρμογή μετρητικών μεθόδων σε ροές ρευστών, θα φανεί χρήσιμο και σε επαγγελματίες μηχανικούς που απασχολούνται σε ανάλογες εφαρμογές. Το σύγγραμμα αυτό περιλαμβάνει μια σειρά εργαστηριακών πειραμάτων στα οποία παρουσιάζονται:(α) μέθοδοι προσδιορισμού διαφόρων μεγεθών που αφορούν ρευστά σε ακινησία και σε ροή (πυκνότητα, ιξώδες, πίεση, ταχύτητα, παροχή),(β) τρόποι εφαρμογής και χρήσης μετρητικών οργάνων και διατάξεων (μανόμετρα, σωλήνας Venturi, σωλήνας Pitot, διάφραγμα, ακροφύσιο, ροόμετρα, στένωση Venturi, υπερχειλιστές),(γ) πειραματικές διερευνήσεις των χαρακτηριστικών ορισμένων ευρέως χρησιμοποιούμενων διατάξεων των οποίων η λειτουργία έγκειται στη ροή ρευστού διαμέσου αυτών (αντλίες, φυσητήρες, υδροστρόβιλοι, ακροφύσιο DeLaval). Σε κάθε περίπτωση, αρχικά παρατίθεται το σχετικό με το αντικείμενο θεωρητικό υπόβαθρο. Ακολουθεί εκτενής περιγραφή της πειραματικής διάταξης που χρησιμοποιείται, καθώς και ο τρόπος λειτουργίας της. Κατόπιν δίδονται οδηγίες για την εκτέλεση του σχετικού πειράματος και την καταγραφή των πειραματικών δεδομένων. Τέλος, υποδεικνύονται μέθοδοι υπολογισμού των απαιτούμενων μεγεθών και ο τρόπος παρουσίασης των αποτελεσμάτων. Τα θεωρητικά αποτελέσματα συσχετίζονται με τα πειραματικά, με σκοπό τη δημιουργία αξιόπιστων υπολογιστικών μεθόδων προσδιορισμού των ζητουμένων ροϊκών μεγεθών.</subfield>
  </datafield>
  <datafield tag="650" ind1=" " ind2="0">
   <subfield code="a">Fluid mechanics</subfield>
   <subfield code="8">1628</subfield>
  </datafield>
  <datafield tag="653" ind1=" " ind2=" ">
   <subfield code="a">Διατάξεις ροής ρευστών</subfield>
  </datafield>
  <datafield tag="653" ind1=" " ind2=" ">
   <subfield code="a">Μετρητικές μέθοδοι</subfield>
  </datafield>
  <datafield tag="653" ind1=" " ind2=" ">
   <subfield code="a">Μετρητικά όργανα</subfield>
  </datafield>
  <datafield tag="653" ind1=" " ind2=" ">
   <subfield code="a">Πειράματα ρευστομηχανικής</subfield>
  </datafield>
  <datafield tag="653" ind1=" " ind2=" ">
   <subfield code="a">Τεχνολογία και επιστήμες μηχανικών</subfield>
   <subfield code="a">Μηχανολογική μηχανική και τεχνολογία</subfield>
   <subfield code="a">Υδροδυναμικές μηχανές</subfield>
  </datafield>
  <datafield tag="653" ind1=" " ind2=" ">
   <subfield code="a">Τεχνολογία και επιστήμες μηχανικών</subfield>
   <subfield code="a">Μηχανολογική μηχανική και τεχνολογία</subfield>
   <subfield code="a">Αντλίες και εξοπλισμός διακίνησης υγρών</subfield>
  </datafield>
  <datafield tag="653" ind1=" " ind2=" ">
   <subfield code="a">Τεχνολογία και επιστήμες μηχανικών</subfield>
   <subfield code="a">Μηχανολογική μηχανική και τεχνολογία</subfield>
   <subfield code="a">Μηχανική των ρευστών</subfield>
  </datafield>
  <datafield tag="700" ind1="1" ind2=" ">
   <subfield code="a">Τσαγγάρης, Σωκράτης</subfield>
   <subfield code="e">Κριτικός αναγνώστης</subfield>
   <subfield code="8">2279</subfield>
  </datafield>
  <datafield tag="856" ind1="4" ind2="0">
   <subfield code="u">http://hdl.handle.net/11419/4183</subfield>
   <subfield code="z">Πλήρες Κείμενο - Full text</subfield>
  </datafield>
  <datafield tag="907" ind1=" " ind2=" ">
   <subfield code="a">.b25678656</subfield>
   <subfield code="b">12-06-18</subfield>
   <subfield code="c">29-07-16</subfield>
  </datafield>
  <datafield tag="949" ind1=" " ind2=" ">
   <subfield code="0">0</subfield>
   <subfield code="1">0</subfield>
   <subfield code="2">ddc</subfield>
   <subfield code="4">0</subfield>
   <subfield code="6">532_000000000000000_ΣΙΔ</subfield>
   <subfield code="7">0</subfield>
   <subfield code="8">KALL</subfield>
   <subfield code="8">624</subfield>
   <subfield code="d">2016-04-13</subfield>
   <subfield code="r">2016-04-13</subfield>
   <subfield code="w">2016-04-13</subfield>
   <subfield code="z">532 ΣΙΔ</subfield>
   <subfield code="o">SEAB KALLIPOS</subfield>
  </datafield>
  <datafield tag="998" ind1=" " ind2=" ">
   <subfield code="a">80</subfield>
   <subfield code="a">01</subfield>
   <subfield code="a">02</subfield>
   <subfield code="a">03</subfield>
   <subfield code="a">04</subfield>
   <subfield code="a">05</subfield>
   <subfield code="a">06</subfield>
   <subfield code="a">07</subfield>
   <subfield code="a">08</subfield>
   <subfield code="a">09</subfield>
   <subfield code="a">10</subfield>
   <subfield code="a">11</subfield>
   <subfield code="a">12</subfield>
   <subfield code="a">13</subfield>
   <subfield code="a">14</subfield>
   <subfield code="a">15</subfield>
   <subfield code="a">16</subfield>
   <subfield code="a">17</subfield>
   <subfield code="a">18</subfield>
   <subfield code="a">19</subfield>
   <subfield code="a">20</subfield>
   <subfield code="a">21</subfield>
   <subfield code="a">22</subfield>
   <subfield code="a">23</subfield>
   <subfield code="a">24</subfield>
   <subfield code="a">25</subfield>
   <subfield code="a">26</subfield>
   <subfield code="b">10-05-17</subfield>
   <subfield code="c">m</subfield>
   <subfield code="d">z  </subfield>
   <subfield code="e">-</subfield>
   <subfield code="f">gre</subfield>
   <subfield code="g">gr </subfield>
   <subfield code="h">0</subfield>
  </datafield>
  <datafield tag="942" ind1=" " ind2=" ">
   <subfield code="2">ddc</subfield>
   <subfield code="c">KALLIPOS</subfield>
  </datafield>
 </record>
</collection>
